[Event "CZE Czechia-ch U12"]
[Site "Harrachov"]
[Date "2009.10.24"]
[Round "1"]
[White "Visek, Ondrej"]
[Black "Horak, Ales"]
[Result "0-1"]
[WhiteElo "1250"]
[BlackElo "1541"]
[PlyCount "102"]
[EventDate "2009.10.24"]
[EventType "swiss"]
[EventRounds "9"]
[EventCountry "CZE"]
[SourceTitle "EXT 2012"]
[Source "ChessBase"]
[SourceDate "2011.11.24"]
[SourceVersion "1"]
[SourceVersionDate "2011.11.24"]
[SourceQuality "1"]

1. d4 d5 2. c4 e5 3. dxe5 d4 4. Nf3 Nc6 5. a3 Be6 6. e3 dxe3 7. Qxd8+ Rxd8 8. Bxe3 g6 9. Be2 Bg7 10. 0-0 Bxe5 11. Nxe5 Nxe5 12. Bf4 Nxc4 13. Bxc7 Rc8 14. Bxc4 Bxc4 15. Be5 f6 16. Bxf6 Nxf6 17. Re1+ Kf7 18. Nd2 Be6 19. Re5 Rc2 20. Nf3 Bg4 21. Ng5+ Kf8 22. f3 Bd7 23. Ne6+ Bxe6 24. Rxe6 Kf7 25. Rae1 Rxb2 26. Re7+ Kf8 27. g4 Rg8 28. g5 Nd5 29. Rd7 Nb6 30. Rd8+ Kg7 31. Re7+ Kh8 32. Rxg8+ Kxg8 33. Rxb7 a5 34. Ra7 Nc4 35. a4 Ne5 36. Rxa5 Nxf3+ 37. Kf1 Nxh2+ 38. Ke1 Rb8 39. Kf2 Rb2+ 40. Ke3 Ng4+ 41. Kf4 Rb4+ 42. Kf3 h6 43. Kg3 h5 44. Ra7 Kf8 45. a5 Ke8 46. a6 Ra4 47. Rg7 Rxa6 48. Rh7 Ra5 49. Kh4 Ra4 50. Kg3 Ne5 51. Rh6 Kf8 0-1